00540 2200181 4500001002100000005001500021035002000036007000300056008004100059020002200100082001700122084002300139100001700162245008400179260003700263300004100300650001700341INLIS00000000000114220250124091224 a0010-0125000025ta250124 g 0 ind  a978-979-582-223-3 a631.53-635.2 a631.53-635.2 AGU p0 aAgung Sunusi1 aPENGUKURAN GAS RUMAH KACA (GRK) PADALAHAN BUDIDAYA BAWANG MERAH /cAgung Sunusi aJakarta :bPertanianPress,c2022 avi, 51 hlm, :bIlus ;c15 cm x 21 cm 4aBawang Merah